Loading...
| Religion | 0 | 7 | 1 | 1 | 65 | 13 | 61.71 | 1 | 4 | 0.00 | 0.00 |
| History - Other | 0 | 6 | 1 | 2 | 55 | 23 | 74.83 | 1 | 3 | 0.00 | 0.00 |
| History - American | 0 | 5 | 0 | 0 | 50 | 38 | 60.40 | 1 | 2 | 0.00 | 0.00 |
| History - World | 0 | 5 | 0 | 0 | 50 | 15 | 61.40 | 0 | 2 | 0.00 | 0.00 |
| History - European | 0 | 4 | 0 | 1 | 40 | 24 | 75.25 | 0 | 1 | 0.00 | 0.00 |
| Mythology | 0 | 5 | 2 | 1 | 40 | 34 | 59.80 | 2 | 4 | 0.00 | 0.00 |
| Fine Arts - Other | 0 | 3 | 0 | 1 | 30 | 41 | 74.67 | 0 | 2 | 0.00 | 0.00 |
| Geography | 0 | 3 | 0 | 2 | 30 | 72 | 92.67 | 0 | 0 | 0.00 | 0.00 |
| Literature - British | 0 | 2 | 0 | 1 | 20 | 89 | 90.00 | 0 | 0 | 0.00 | 0.00 |
| Science - Physics | 0 | 1 | 0 | 1 | 10 | 105 | 105.00 | 0 | 0 | 0.00 | 0.00 |
| Fine Arts - Painting and Sculpture | 0 | 1 | 0 | 0 | 10 | 34 | 34.00 | 0 | 1 | 0.00 | 0.00 |
| Literature - World | 0 | 1 | 0 | 0 | 10 | 77 | 77.00 | 0 | 0 | 0.00 | 0.00 |
| Science - Biology | 0 | 1 | 0 | 1 | 10 | 104 | 104.00 | 0 | 0 | 0.00 | 0.00 |
| Current Events | 0 | 1 | 0 | 1 | 10 | 109 | 109.00 | 0 | 0 | 0.00 | 0.00 |
| Literature - European | 0 | 1 | 1 | 0 | 5 | 75 | 75.00 | 0 | 0 | 0.00 | 0.00 |
| Science - Chemistry | 0 | 0 | 0 | 0 | 0 | 0.00 | 0 | 0 | 0.00 | 0.00 | |
| Literature - American | 0 | 0 | 0 | 0 | 0 | 0.00 | 0 | 0 | 0.00 | 0.00 | |
| Science - Other | 0 | 0 | 1 | 0 | -5 | 0.00 | 0 | 0 | 0.00 | 0.00 |